社会主義 - Statistics

General Stats
  • This quiz has been taken 18 times
  • The average score is 4 of 14
Answer Stats
社会主義とは
 1を土台とする社会体制、及びその実現を目指す思想
歴史的前提
 ヨーロッパで資本主義の発展、豊かさや近代化が成し遂げられた一方、
 経済の格差や2による人間の尊厳の喪失、共同体の解体が人々を苦しめた
空想的社会主義者たち
 3 産業者たる国民が一つの団体を組織して社会を管理する理想社会を説いた
 4ニューラナーク工場において労働者の生活向上運動を実践して成功
 5ファランジュという共同体組織を提唱
科学的社会主義
 615歳 白人の女 主著『資本論』
 7『共産党宣言』(6との共著)
その思想
 それぞれの発展段階で社会のあり方を決めるのは生産力と8の間に構成される
 生産様式で、生産力と生産関係の矛盾が激化する

8の部分を9構造、それに応じられ作られた政治システムや文化を10構造という

マルクスが生きた19世紀は、資本家11が政権を握っていた。しかし、12が激化し、
資本主義社会の終焉は工場労働者13を中心とする革命によってもたらされるという

「資本主義社会から社会主義社会への転換時、政治上の過渡期がある。この時期の国家は
 14以外の何物でもない」
Answer % Correct
6 マルクス
86%
7 エンゲルス
43%
1 生産手段の社会的所有
29%
3 サンシモン
29%
8 生産関係
29%
11 ブルジョワ
29%
13 プロレタリア
29%
4 オーウェン
14%
5 フーリエ
14%
9 下部構造
14%
10 上部構造
14%
12 階級闘争
14%
14 プロレタリアートの革命的独裁
14%
2 労働の疎外
0%
No matching quizzes found
Score Distribution
Percent of People with Each Score
Percentile by Number Answered
Your Score History
You have not taken this quiz